000 00425nam a2200181Ia 4500
008 210210b1939 xxu||||| |||| 00| 0 eng d
041 _aeng
082 _a821/324
100 _aKEATS (John)
245 _aPoetical works: Garrod Ed
260 _aOxford
_bAt the Clarendon Press
_c1939
650 _aworks:
650 _aPoetical
650 _aGarrod
650 _aEd
690 _aEnglish Literature
906 _a011494
999 _c130171
_d130171